Resources of Canadian university libraries for research in the humanities and social sciences : (Record no. 1183)
[ view plain ]
| 000 -LEADER | |
|---|---|
| fixed length control field | 01019nam a22002652 4500 |
| 001 - CONTROL NUMBER | |
| control field | 1183 |
| 003 - CONTROL NUMBER IDENTIFIER | |
| rucl marc code | BDR-JUL |
| 005 - DATE AND TIME OF LATEST TRANSACTION | |
| control field | 20211208233305.0 |
| 008 - FIXED-LENGTH DATA ELEMENTS--GENERAL INFORMATION | |
| fixed length control field | 1 s1962 onc 000 0 eng d |
| 035 ## - SYSTEM CONTROL NUMBER | |
| System control number | OCLC ocm02325956 from D970620M |
| -- | (BD-RJUL)1205 |
| 040 ## - CATALOGING SOURCE | |
| Original cataloging agency | NYG |
| Transcribing agency | NYG |
| Modifying agency | EQO |
| Language of cataloging | eng |
| 041 ## - LANGUAGE CODE | |
| Language code of text/sound track or separate title | eng |
| 082 ## - DEWEY DECIMAL CLASSIFICATION NUMBER | |
| Edition number | 16 |
| Classification number | 027.771 |
| Author mark and year | WIR 1962 |
| 100 1# - MAIN ENTRY--PERSONAL NAME | |
| Personal name | Williams, Edwin E. |
| Fuller form of name | (Edwin Everitt), |
| Dates associated with a name | 1913- |
| 9 (RLIN) | 3503 |
| 245 10 - TITLE STATEMENT | |
| Title | Resources of Canadian university libraries for research in the humanities and social sciences : |
| Remainder of title | report of a survey for the National Conference of Canadian Universities and Colleges / |
| Statement of responsibility, etc. | by Edwin E. Williams. |
| 260 ## - PUBLICATION, DISTRIBUTION, ETC. (IMPRINT) | |
| Place of publication, distribution, etc. | Ottawa : |
| Name of publisher, distributor, etc. | National Conference of Canadian Universities and Colleges, |
| Date of publication, distribution, etc. | 1962 |
| 300 ## - PHYSICAL DESCRIPTION | |
| Pagination | 87 p. |
| Size | 25 cm. |
| 504 ## - BIBLIOGRAPHY, ETC. NOTE | |
| Bibliography, etc | Bibliographical footnotes. |
| 526 ## - STUDY PROGRAM INFORMATION NOTE | |
| Requested Dept. | Library Scince |
| 650 #0 - SUBJECT ADDED ENTRY--TOPICAL TERM | |
| Topical term or geographic name as entry element | Academic libraries |
| Geographic subdivision | Canada. |
| 9 (RLIN) | 3504 |
| 710 2# - ADDED ENTRY--CORPORATE NAME | |
| Corporate name or jurisdiction name as entry element | National Conference of Canadian Universities and Colleges. |
| 9 (RLIN) | 3505 |
| 942 ## - ADDED ENTRY ELEMENTS (KOHA) | |
| Source of classification or shelving scheme | Dewey Decimal Classification |
| Koha item type | Books |
| Lost status | Source of classification or shelving scheme | Damaged status | Not for loan | Collection code | Permanent Location | Current Location | Shelving location | Date acquired | Source of acquisition | Cost, normal purchase price | Total Checkouts | Full call number | Date last seen | Copy number | Koha item type |
|---|---|---|---|---|---|---|---|---|---|---|---|---|---|---|---|
| Dewey Decimal Classification | Not For Loan | Non-fiction | Central Library, University of Rajshahi | Central Library, University of Rajshahi | Reading Room | 22/04/1965 | Zeitlinger | 10.00 | 027.771 WIR 1962 | 24/11/2013 | C-1 | Books |